000 00518nam a2200181Ia 4500
005 20250609154043.0
008 008 250516s9999 xx 000 0 eng d
020 _a9798886130683
040 _beng
_cSDCL
041 _aeng
_2eng
084 _aX:(B) R4
100 _aChatterji, Monojit
_9267313
245 0 _aProblem solving in economics :
_bA quantitative approach
260 _aChennai :
_bWorld Scientific,
_c2024.
300 _axiv, 288p.
650 _aBusiness Economics and Finance
942 _cTEXL
_2CC
999 _c1429115
_d1429115